| 000 | 00836nam a2200229 i 4500 | ||
|---|---|---|---|
| 001 | 49383 | ||
| 003 | ES-MaACL | ||
| 005 | 20230906161936.0 | ||
| 007 | t| | ||
| 008 | 030715s1971 sp af ||||1|dspa d | ||
| 080 | _a014.3:05(468.11 S.)Bética | ||
| 080 | _a05(468.115.)Betica:014.3 | ||
| 100 | 1 |
_aCortines, Jacobo. _940951 |
|
| 245 | 1 | 0 |
_aIndice bibliográfico de "Bética, Revista ilustrada" _b: (Sevilla 1913-1917) / _cJacobo Cortines Torres. |
| 260 |
_aSevilla : _bE.C.E.S.A., _c1971. |
||
| 300 |
_a259 p., 6 lám. ; _c22 cm. |
||
| 490 | 1 |
_aPublicaciones de la Diputación Provincial de Sevilla. _aLiteratura ; _v2 |
|
| 630 | 0 | 4 |
_aBética (Sevilla)- _vÍndices. _9145186 |
| 830 | 0 |
_aPublicaciones de la Diputación Provincial de Sevilla. _aLiteratura ; _v2 _9230093 |
|
| 852 |
_aES-MaACL _jC-43340 |
||
| 999 |
_c49383 _d49383 |
||